00781nam a2200253 a 4500001001300000003000900013005001700022008004100039020001000080082001600090100001900106245001900125260004200144300000800186500003500194650002600229650002000255700001900275902000800294942000700302952009600309952010700405999001500512nice12345678IN_TiNIC20260116011535.0070620s1901 dela grp 000 0 urd  ac10000a922.97bHAL aHussain, Altaf aHayat-E-jaweed aDelhibIdarah-Iadabiyat-I Dellic1901 a00p aincludes index and biblioraphy aSyed Ahmed Khan-Islam aSyed Ahmad Khan1 aHussain, Altaf bRBA cBK 00104070aHMIbHMId0000-00-00g100.00l0o922.97 HALp4152r0000-00-00w2026-01-16yARB 00104070aHMIbHMId0000-00-00g80.00l1o922.97 HALp12281r2016-02-12s2016-02-11w2026-01-16yEB c2454d2454